| 000 | 00890nam a2200217 i 4500 | ||
|---|---|---|---|
| 001 | 97275 | ||
| 003 | ES-MaACL | ||
| 005 | 20231228062654.0 | ||
| 007 | t| | ||
| 008 | 050708s1941 sp ||||1| spa d | ||
| 080 | _a821.134.2-4"19" | ||
| 100 | 1 |
_aMarañón, Gregorio, _d1887-1960 _976311 |
|
| 245 | 1 | 0 |
_aRaíz y decoro de España / _cGregorio Marañón y Posadillo. |
| 250 | _a2ª ed. | ||
| 260 |
_aMadrid : _bEspasa-Calpe, _c1941. |
||
| 300 |
_a254 p. ; _c20 cm. |
||
| 505 | 8 | _aContiene: Los deberes olvidados ; Eugenesia y moral ; Intelectuales y políticos ; El porvenir de la cultura ; La lección de los malogrados ; El príncipe explorador ; Libros a la hoguera ; Un profeta en España ; Un amigo de España ; Psiquiatras de España ; Elogio de la sabiduría | |
| 852 | 4 |
_aES-MaACL _jAND-666 _z- Biblioteca Juan Andrade |
|
| 852 | 4 |
_aES-MaACL _jF-15727 |
|
| 999 |
_c97275 _d97275 |
||